| 000 | 01748nab a2200205 4500 | ||
|---|---|---|---|
| 001 | 768714001 | ||
| 003 | CO-MdFUSB | ||
| 005 | 20230421092558.0 | ||
| 008 | 221013s2015 -us||||| |||| 00| 0 eng d | ||
| 040 |
_beng _cCO-MdFUSB _dCO-MdFUSB |
||
| 041 | _aeng | ||
| 100 |
_aSprinkle, Preston M., _eautor |
||
| 245 | 1 |
_aPaul and homosexual behavior : _ba critical evaluation of the excessive lust interpretation of Romans 1:26-27 _c/ Preston M. Sprinkle |
|
| 300 |
_aVolumen 25, Número 4 (2015), páginas 497 - 517 _c ; 23 cm. |
||
| 520 | _aUno de los argumentos más fuertes que apoya una visión afirmativa de las relaciones entre personas del mismo sexo es la llamada visión de lujuria excesiva. Si bien este argumento tiene algunos puntos fuertes, este artículo señalará las deficiencias históricas y exegéticas de la interpretación de la lujuria excesiva de Romanos 1. En particular, había una diversidad de perspectivas sobre las relaciones entre personas del mismo sexo en el mundo antiguo y, por lo tanto, no se puede suponer que Paul solo tenía una perspectiva de lujuria excesiva en vista. Además, la mención de las relaciones entre mujeres del mismo sexo, junto con el uso de Paul de лapà qúorv ("contra la naturaleza") y su apelación al relato de la creación, alejan su argumento de una visión de lujuria excesiva. Finalmente, este artículo examinará el lenguaje de pasión y deseo de Pablo para mostrar que no es paralelo a la perspectiva de lujuria excesiva que encontramos en la literatura grecorromana. | ||
| 546 | _atexto en inglés | ||
| 630 | 0 | 7 |
_aBiblia. _pRomanos _xCrítica, interpretación, etc. |
| 773 | 0 |
_068251 _981344 _oR2128 _tBulletin for Biblical research _w(CO-MdFUSB)768714001 _x1065-223X |
|
| 942 | _cANA | ||
| 999 |
_c68292 _d68292 |
||